000 00444nam a2200181Ia 4500
001 14975
005 20260306164954.0
008 260306t2014||||xx |||||||||||||| ||spa||
041 _aESP
082 _a519.53
_bE76
100 _aEscalante Vázquez, Edgardo J.
_eAUT
245 0 _aDiseño y análisis de experimentos
260 _c2014
300 _a523 páginas :
_c23 cm.
650 _aGEN
654 _aCMA
942 _cLIB
_dJUS
_fJUS
_2ddc
_n
999 _c14975
_d14975